00663nam a2200193Ia 4500008004100000020001800041082001600059100003700075245004800112250000700160260004300167300002800210500001900238600003400257650001500291942000700306952013900313999001700452240925s9999 xx 000 0 und d a9781292108711 a621.382 BEA aBeard, Cory ; Stallings, William 0aWireless Communication Networks and Systems aNA aLondon:bPearson Prentice Hallc,2016. axiv, 414p.b0fOriginal aIncludes Index aTelecommunication Engineering aTechnology cBK 001040708ELaUITUbUITUd2019-05-27eBook World Internationalg1216.80l0o621.382 BEApQ14814r2024-09-25 07:17:26w2024-09-25yBK c17313d17313